000
00237nam a2200097Ia 4500
001
1227366
005
20250827093021.0
008
250824s9999 xx 000 0 und d
245
0
_a
BUKRE
_c
KAHRAMAN TAZEOĞLU
260
_b
DESTEK YAYINLARI
999
_c
1227366
_d
1227366